E41(東海北陸道・能越道)のIC - Statistics

General Stats
  • This quiz has been taken 83 times
    76 since last reset
  • The average score is 34 of 54
Answer Stats
東海北陸道 % Correct
JCT 一宮
90%
SA/SIC ひるがの高原
90%
IC 白川郷
89%
IC
87%
SA
87%
JCT 小矢部砺波
87%
JCT 小矢部砺波
87%
IC 五箇山
85%
IC 美濃
84%
IC 郡上八幡
84%
IC 福光
82%
IC 岐阜各務原
80%
IC 白鳥
80%
SA/SIC 城端
80%
PA 川島
77%
JCT 美濃関
77%
IC 飛騨清見
77%
IC 高岡
74%
IC 七尾
74%
SA 長良川
72%
IC 氷見
70%
IC 一宮木曽川
69%
IC 美並
67%
IC/PA ぎふ大和
66%
IC 高鷲
66%
SIC 南砺
66%
PA 松ノ木峠
64%
PA 飛騨河合
64%
IC 一宮西
62%
IC 尾西
62%
IC 荘川
62%
IC 福岡
62%
PA 福岡
62%
IC 高岡北
62%
PA 飛騨白川
59%
IC 一宮稲沢北
56%
IC 穴水
56%
IC 氷見北
52%
PA 能越県境
49%
IC 小矢部東
46%
IC 氷見南
46%
JCT 徳田大津
46%
IC 徳田大津
46%
PA 瓢ヶ岳
44%
IC のと里山空港
44%
PA 古城山
41%
IC 田鶴浜
41%
IC 七尾大泊
38%
IC 灘浦
36%
IC 七尾城山
33%
IC のと三井
33%
SA 別所岳
28%
IC 横田
23%
IC 越の原
13%
No matching quizzes found
Score Distribution
Percent of People with Each Score
Percentile by Number Answered
Your Score History
You have not taken this quiz since the last reset